Préfectures et sous-préfectures de Provence-Alpes-Côte-d'Azur (PACA) - Statistiques

Statistiques générales
  • Ce quiz a été pris 273 fois
  • Le résultat moyen est 12 sur 18
Statistiques - réponses
Départements (Sous)préfectures % Correct
Bouches-du-Rhône Marseille
99%
Var Toulon
97%
Alpes-Maritimes Nice
96%
Vaucluse Avignon
94%
Hautes-Alpes Gap
91%
Alpes-de-Haute-Provence Digne-les-Bains
87%
Bouches-du-Rhône Aix-en-Provence
85%
Bouches-du-Rhône Arles
71%
Hautes-Alpes Briançon
68%
Var Draguignan
62%
Alpes-Maritimes Grasse
62%
Bouches-du-Rhône Istres
59%
Vaucluse Carpentras
57%
Vaucluse Apt
54%
Alpes-de-Haute-Provence Barcelonnette
45%
Var Brignoles
42%
Alpes-de-Haute-Provence Forcalquier
41%
Alpes-de-Haute-Provence Castellane
38%
Aucun quiz correspondant
Distribution des résultats
% des personnes avec chaque résultat
Percentile par nombre de réponses
Votre historique - résultats
Vous n’avez pas pris ce quiz